<?xml version="1.0" encoding="UTF-8"?><?xml-stylesheet type="text/xsl" href="static/style.xsl"?><OAI-PMH xmlns="http://www.openarchives.org/OAI/2.0/" xmlns:xsi="http://www.w3.org/2001/XMLSchema-instance" xsi:schemaLocation="http://www.openarchives.org/OAI/2.0/ http://www.openarchives.org/OAI/2.0/OAI-PMH.xsd"><responseDate>2026-04-13T02:03:04Z</responseDate><request verb="GetRecord" identifier="oai:www.recercat.cat:10230/36562" metadataPrefix="marc">https://recercat.cat/oai/request</request><GetRecord><record><header><identifier>oai:recercat.cat:10230/36562</identifier><datestamp>2025-12-21T18:01:08Z</datestamp><setSpec>com_2072_6</setSpec><setSpec>col_2072_452952</setSpec></header><metadata><record xmlns="http://www.loc.gov/MARC21/slim" xmlns:dcterms="http://purl.org/dc/terms/" xmlns:xsi="http://www.w3.org/2001/XMLSchema-instance" xmlns:doc="http://www.lyncode.com/xoai" xsi:schemaLocation="http://www.loc.gov/MARC21/slim http://www.loc.gov/standards/marcxml/schema/MARC21slim.xsd">
   <leader>00925njm 22002777a 4500</leader>
   <datafield ind2=" " ind1=" " tag="042">
      <subfield code="a">dc</subfield>
   </datafield>
   <datafield ind2=" " ind1=" " tag="720">
      <subfield code="a">Bach, Carme, 1971-</subfield>
      <subfield code="e">author</subfield>
   </datafield>
   <datafield ind2=" " ind1=" " tag="720">
      <subfield code="a">López-Ferrero, Carmen</subfield>
      <subfield code="e">author</subfield>
   </datafield>
   <datafield ind2=" " ind1=" " tag="720">
      <subfield code="a">Martín Peris, Ernesto</subfield>
      <subfield code="e">author</subfield>
   </datafield>
   <datafield ind2=" " ind1=" " tag="260">
      <subfield code="c">2019-02-12T10:08:13Z</subfield>
   </datafield>
   <datafield ind2=" " ind1=" " tag="260">
      <subfield code="c">2019-02-12T10:08:13Z</subfield>
   </datafield>
   <datafield ind2=" " ind1=" " tag="260">
      <subfield code="c">2018</subfield>
   </datafield>
   <datafield ind2=" " ind1=" " tag="520">
      <subfield code="a">Presentem el procés de creació d’una rúbrica per a l’avaluació del gènere exposició oral en grup útil per a diferents àmbits acadèmics. Per dissenyar-la hem tingut en compte tots els agents implicats (professors, investigadors i estudiants) i disciplines de tres àmbits acadèmics diferents. A partir d’aquesta rúbrica, hem dissenyat una plantilla d’avaluació informatitzada i gratuïta, que permetrà l’avaluació automatitzada dels estudiants i l’autoavaluació i coavaluació interpares.</subfield>
   </datafield>
   <datafield ind2=" " ind1=" " tag="520">
      <subfield code="a">This paper presents the elaboration process of a rubric for the assessment of group oral presentations as a genre, to be used in different academic fields. Throughout the process, we have considered all the agents involved (lecturers, researchers and students) and disciplines belonging to three different fields. Based on this rubric, we have designed a free electronic assessment template, which will allow students to be assessed by lecturers, and to assess themselves and their fellow students.</subfield>
   </datafield>
   <datafield ind2=" " ind1=" " tag="520">
      <subfield code="a">El context en què es realitza aquesta investigació és, d’una banda, el projecte ASCOMACIN (Avaluació Sostenible de la Competència Comunicativa Interdisciplinària), projecte d’innovació docent subvencionat pel CLIK de la Universitat Pompeu Fabra (CQUID, MODALITAT A. 21 PlaCLIK 2017-2018 1) i, de l’altra, el projecte ECODAL (Evaluación de la competencia discursiva de aprendices adultos plurilingües: detección de necesidades formativas y pautas para un aprendizaje autónomo), projecte de recerca del Mineco, l’Agencia Estatal de Investigación i el Fondo Europeo de Desarrollo Regional (ECODAL, EDU2016-75874-P (AEI/FEDER, UE)).</subfield>
   </datafield>
   <datafield tag="653" ind2=" " ind1=" ">
      <subfield code="a">Avaluació</subfield>
   </datafield>
   <datafield tag="653" ind2=" " ind1=" ">
      <subfield code="a">Competència comunicativa</subfield>
   </datafield>
   <datafield tag="653" ind2=" " ind1=" ">
      <subfield code="a">Rúbrica</subfield>
   </datafield>
   <datafield tag="653" ind2=" " ind1=" ">
      <subfield code="a">Transversalitat</subfield>
   </datafield>
   <datafield tag="653" ind2=" " ind1=" ">
      <subfield code="a">Participació activa</subfield>
   </datafield>
   <datafield tag="653" ind2=" " ind1=" ">
      <subfield code="a">Assessment</subfield>
   </datafield>
   <datafield tag="653" ind2=" " ind1=" ">
      <subfield code="a">Communicative competence</subfield>
   </datafield>
   <datafield tag="653" ind2=" " ind1=" ">
      <subfield code="a">Rubric transversally</subfield>
   </datafield>
   <datafield tag="653" ind2=" " ind1=" ">
      <subfield code="a">Active participation</subfield>
   </datafield>
   <datafield ind2="0" ind1="0" tag="245">
      <subfield code="a">Avaluació de la competència comunicativa interdisciplinària en estudis de diferents àmbits: el gènere exposició oral en grup</subfield>
   </datafield>
</record></metadata></record></GetRecord></OAI-PMH>